Estados de EE. UU. que comienzan con la letra M - Estadísticas

Estadísticas generales
  • Esta prueba ha sido intentada 2.585 veces
  • La puntuación promedio es 5 de 8
Estadísticas de respuestas
Estado % Correcto
Montana
78%
Maine
75%
Míchigan
75%
Maryland
68%
Minnesota
66%
Misuri
63%
Misisipi
61%
Massachusetts
48%
No se encontraron pruebas coincidentes
Distribución de puntuación
Porcentaje de gente con cada puntuación
Porcentaje por número respondido
Historial de tus puntuaciones
No has intentado esta prueba.